| 000 | 01199cab a2200277 4500 | ||
|---|---|---|---|
| 001 | ABS44257 | ||
| 008 | 090401t1991 xxu||||| |||| 00| 0 eng d | ||
| 035 | _a(Sirsi) u46191 | ||
| 041 | _aeng | ||
| 100 | _aHancock, T.P.J. | ||
| 245 | _aNon-traditional residential property: the availability of mortgage finance | ||
| 260 | _c1991 | ||
| 350 | _a0 | ||
| 490 |
_aJournal of Property Finance _v1 (4) Spring 1991, 570-578 (9) |
||
| 520 | _aOutlines the availability of mortgage finance on non-traditional property types designated under the Housing Defects Act 1984 including Pre-reinforced concrete , steel houses and insitu cast concrete . Discusses the effects of repair schemes on mortgages availability and examines the collective attitudes and policies of principal providers of mortgage finance, implications for property values and the valuation process. References. (Adapted from Journal Abstract) | ||
| 650 | _aBRE | ||
| 650 | _aBUILDING DEFECTS | ||
| 650 | _aHOUSING ACT 1985 | ||
| 650 | _aHOUSING DEFECTS ACT 1984 | ||
| 650 | _aNON-TRADITIONAL HOUSES | ||
| 650 | _aPRC HOUSES | ||
| 690 | _aHOUSING-FINANCE | ||
| 700 | _aTyler, S.B. | ||
| 942 | _n0 | ||
| 948 | _c04/03/1997 | ||
| 999 |
_c29229 _d29229 |
||